CAME: Cifras, hechos, argumentos /

Gespeichert in:
Bibliographische Detailangaben
Körperschaften: Consejo de Ayuda Mutua Económica, CAME
Format: Text
Veröffentlicht: Moscú: CAME
Tags: Tag hinzufügen
Keine Tags, Fügen Sie den ersten Tag hinzu!

MARC

LEADER 00000 a a2200000 04500
001 24241
003
040
090 |a 171800  
110 |a Consejo de Ayuda Mutua Económica  
245 |a CAME: Cifras, hechos, argumentos /  |c Consejo de Ayuda Mutua Económica  
260 |a Moscú:   |b CAME  
300 |a 59 p.   |b **no definido**  
710 |a CAME  
999 |c 13922  |d 13922